[Event "ROM-ch U18 Girls"]
[Site "Romania"]
[Date "2007.03.19"]
[Round "?"]
[White "Sgircea, Silvia Raluca"]
[Black "Craciun, Paula Iulia"]
[Result "1/2-1/2"]
[WhiteElo "2226"]
[BlackElo "2136"]
[PlyCount "83"]
[EventDate "2007.03.17"]
[EventType "swiss"]
[EventRounds "9"]
[EventCountry "ROU"]
[SourceTitle "EXT 2010"]
[Source "ChessBase"]
[SourceDate "2010.11.25"]
[SourceVersion "1"]
[SourceVersionDate "2010.11.25"]
[SourceQuality "1"]

1. Nf3 c5 2. c4 g6 3. d4 cxd4 4. Nxd4 Nc6 5. e4 Nf6 6. Nc3 d6 7. Be2 Nxd4 8. Qxd4 Bg7 9. Be3 0-0 10. Qd2 Be6 11. Rc1 Qa5 12. f3 Rfc8 13. b3 a6 14. Na4 Qxd2+ 15. Kxd2 Nd7 16. g4 f5 17. gxf5 gxf5 18. Rhg1 Kh8 19. Nc3 Rg8 20. Nd5 Bxd5 21. exd5 Raf8 22. b4 f4 23. Bf2 Rf5 24. Kc2 Re5 25. Rce1 Rh5 26. h4 Ne5 27. Rg5 Rxg5 28. hxg5 Nf7 29. Bh4 Bd4 30. Bd3 Be3 31. g6 hxg6 32. Bxe7 Kg7 33. c5 dxc5 34. bxc5 Rc8 35. Kb3 Rc7 36. d6 Rxc5 37. Be4 Rb5+ 38. Kc2 Bc5 39. Bd3 Bb4 40. Re6 Rc5+ 41. Kd1 Rd5 42. Kc2 1/2-1/2

[Event "ROM-ch (Women)"]
[Site "Amara"]
[Date "2007.02.22"]
[Round "8"]
[White "Craciun, Paula Iulia"]
[Black "Traistaru, Teodora"]
[Result "1-0"]
[WhiteElo "2136"]
[BlackElo "2144"]
[PlyCount "73"]
[EventDate "2007.02.16"]
[EventType "swiss"]
[EventRounds "9"]
[EventCountry "ROU"]
[SourceTitle "EXT 2010"]
[Source "ChessBase"]
[SourceDate "2010.11.25"]
[SourceVersion "1"]
[SourceVersionDate "2010.11.25"]
[SourceQuality "1"]

1. e4 c5 2. Nf3 e6 3. c3 d5 4. exd5 Qxd5 5. d4 Nc6 6. Bd3 Nf6 7. 0-0 Be7 8. Be3 0-0 9. c4 Qd7 10. Ne5 Qc7 11. Nxc6 Qxc6 12. Nc3 b6 13. d5 exd5 14. cxd5 Qd7 15. Bf4 Bb7 16. Bb5 Qf5 17. d6 Qxf4 18. dxe7 Rfc8 19. Bd7 Rc7 20. Re1 Ne8 21. Nb5 Rc6 22. Bxc6 Bxc6 23. Nc3 Qg5 24. g3 h5 25. Qe2 Nc7 26. Qe5 Ne6 27. f4 Qg4 28. Qe2 Bf3 29. Qd3 Re8 30. Qd7 Kh7 31. Rxe6 Qxe6 32. Qd3+ g6 33. Qxf3 Rxe7 34. Rd1 Rd7 35. Rxd7 Qxd7 36. Qd5 Qe7 37. Ne4 1-0